| 000 | 01659nam a2200421Ia 4500 | ||
|---|---|---|---|
| 001 | vtls003186637 | ||
| 003 | MY-SjTCS | ||
| 005 | 20200226111208.0 | ||
| 006 | m u | ||
| 007 | cr cn||||||||| | ||
| 008 | 100712s1999 enk sb 001 0 eng d | ||
| 010 | _z 99-028141 | ||
| 015 | _aGB99-X3607 | ||
| 020 | _z0203979052 | ||
| 020 | _z0750709154 | ||
| 020 | _z0750709146 (pbk. : alk. paper) | ||
| 035 | _a(CaPaEBR)ebr10094914 | ||
| 039 | 9 |
_y201007121550 _zVLOAD |
|
| 040 |
_aCaPaEBR _cCaPaEBR |
||
| 050 | 1 | 4 |
_aLB1027 _b.R453 1999eb |
| 245 | 0 | 0 |
_aResearching school experience _h[electronic resource] : _bethnographic studies of teaching and learning / _cedited by Martyn Hammersley ; contributors, Jennifer Nias ... [et al.]. |
| 260 |
_aLondon ; _aNew York : _bFalmer Press, _c1999. |
||
| 300 | _aviii, 224 p. | ||
| 504 | _aIncludes bibliographical references and index. | ||
| 504 | _a"Peter Woods: a bibliography": p. [204]-211. | ||
| 529 | _aTSLHHL | ||
| 533 |
_aElectronic reproduction. _bPalo Alto, Calif. : _cebrary, _d2009. _nAvailable via World Wide Web. _nAccess may be limited to ebrary affiliated libraries. |
||
| 650 | 0 |
_aTeaching _xSocial aspects. _943056 |
|
| 650 | 0 |
_aTeachers _xSocial conditions. |
|
| 650 | 0 | _aLearning. | |
| 650 | 0 | _aEducational sociology. | |
| 650 | 0 | _aEthnology. | |
| 655 | 7 |
_aElectronic books. _2local |
|
| 700 | 1 |
_aHammersley, Martyn. _925786 |
|
| 700 | 1 | _aNias, Jennifer. | |
| 710 | 2 |
_aebrary, Inc. _925628 |
|
| 856 | 4 | 0 |
_uhttps://ezproxy.taylors.edu.my/login?url=http://site.ebrary.com/lib/taylorscollege/Doc?id=10094914 _zAn electronic book accessible through the World Wide Web; click to view |
| 999 | _c77720 | ||